| 000 | 01723pam a2200421 i 4500 | ||
|---|---|---|---|
| 001 | 2024005179 | ||
| 003 | DLC | ||
| 005 | 20250508114214.0 | ||
| 008 | 240325s2024 nyu b 001 0 eng | ||
| 010 | _a 2024005179 | ||
| 020 |
_a9781620976463 _q(hardcover) |
||
| 020 |
_z9781620976470 _q(ebook) |
||
| 035 | _a(OCoLC)1457100968 | ||
| 040 |
_aDLC _beng _erda _cDLC _dDLC _dTnLvILS |
||
| 042 | _apcc | ||
| 043 | _an-us-ky | ||
| 050 | 0 | 0 |
_aF459.P55 _bH63 2024 |
| 082 | 0 | 0 |
_a320.520973 _223/eng/20240403 |
| 092 |
_ageneral nonfiction _b320.52 Hochschild, Arlie Russell |
||
| 100 | 1 |
_aHochschild, Arlie Russell, _d1940- _eauthor. _96544273 |
|
| 245 | 1 | 0 |
_aStolen pride : _bloss, shame, and the rise of the right / _cby Arlie Russell Hochschild. |
| 264 | 1 |
_aNew York : _bThe New Press, _c2024. |
|
| 300 |
_a400 pages ; _c23 cm |
||
| 336 | _atext | ||
| 337 | _aunmediated | ||
| 338 | _avolume | ||
| 504 | _aIncludes bibliographical references and index. | ||
| 520 | _a"An exploration of the "pride paradox" that has given the right's appeals such resonance"-- | ||
| 650 | 0 |
_aPolitical culture _zKentucky _zPikeville. _96544274 |
|
| 650 | 0 |
_aConservatism _zKentucky _zPikeville. _96544275 |
|
| 650 | 0 |
_aRight and left (Political science) _zKentucky _zPikeville. _96544276 |
|
| 650 | 0 |
_aPublic opinion _zKentucky _zPikeville. _96544277 |
|
| 650 | 0 |
_aSocial change _xPolitical aspects _zKentucky _zPikeville. _96544278 |
|
| 650 | 0 |
_aGroup identity _xPolitical aspects _zKentucky _zPikeville. _96544279 |
|
| 651 | 0 |
_aPikeville (Ky.) _xSocial conditions _y21st century. _96544280 |
|
| 651 | 0 |
_aUnited States _xPolitics and government _xPublic opinion. _96544281 |
|
| 942 |
_2ddc _cBOOK |
||
| 999 |
_c407693 _d407693 |
||